Modelovanie pruženia vozidla

Gespeichert in:
Bibliographische Detailangaben
1. Verfasser: Mikulová, Tímea (Verfasst von)
Weitere Verfasser: Kutiš, Vladimír (Betreuung Doktorarbeit)
Format: Manuskript Buch
Sprache:Slowakisch
Veröffentlicht: Bratislava : STU v Bratislave FEI, 2021
Schlagworte:
Online-Zugang:https://opac.crzp.sk/?fn=detailBiblioForm&sid=FD5533CA5E14D63E47B56CE9A2AD&seo=CRZP-detail-kniha
Tags: Tag hinzufügen
Keine Tags, Fügen Sie das erste Tag hinzu!

MARC

LEADER 00000ntm a22000003a 4500
001 stuzp82575
003 SK-STU
005 20210715113435.1
007 ta
008 150427s2015----xo-----f-mn---000-0-slo-d
040 |a STU  |b slo 
041 0 |a slo 
044 |a xo 
100 1 |a Mikulová, Tímea  |u 030400  |4 aut  |U FEI Fakulta elektrotechniky a informatiky  |U FEI Fakulta elektrotechniky a informatiky  |T FEI Ústav automobilovej mechatroniky  |X 92200  |U E400  |Y 642  |7 92200 
242 0 1 |a Vehicle suspension modeling  |y eng 
245 1 0 |a Modelovanie pruženia vozidla 
260 |a Bratislava : 
260 |b STU v Bratislave FEI, 
260 |c 2021 
300 |a 60 s. 
650 4 |a pruženie vozidla  |2 slo 
650 4 |a systémy pruženia  |2 slo 
650 4 |a dynamické modely pruženia  |2 slo 
650 4 |a nerovnosť vozovky  |2 slo 
650 4 |a vehicle suspension  |2 eng 
650 4 |a suspension systems  |2 eng 
650 4 |a dynamic suspension models  |2 eng 
650 4 |a road roughness  |2 eng 
700 1 |a Kutiš, Vladimír  |u 030400  |k Z1  |4 ths  |U FEI Fakulta elektrotechniky a informatiky  |U FEI Fakulta elektrotechniky a informatiky  |T FEI Ústav automobilovej mechatroniky  |X 1879  |U E400  |Y 642  |7 A000001879 
856 4 |u https://opac.crzp.sk/?fn=detailBiblioForm&sid=FD5533CA5E14D63E47B56CE9A2AD&seo=CRZP-detail-kniha